000 00679cam a22002531 4500
001 8855571
003 ARRUPE
005 20161027111924.0
008 740925s1954 xx 000 0 eng
010 _a 54014376
035 _a(OCoLC)1021234
040 _aDLC
_cTxU-Da
_dDLC
042 _apremarc
050 0 0 _aPE1095.P65
082 _a420
100 1 _aPotter, Simeon.
_927036
245 1 0 _aOur language.
_cby Potter, Simeon.
260 _aMiddlesex
_bPenguin Books
_c1950
300 _a204p.;
_c18 cm.
504 _aIncludes bibliography.
650 0 _aEnglish language.
_921207
906 _a7
_bcbc
_coclcrpl
_du
_encip
_f19
_gy-gencatlg
942 _2lcc
_cMONOGRAPH
999 _c125590
_d125590